Derecho procesal constitucional (Record no. 133775)

MARC details
000 -LEADER
fixed length control field 00670cam a2200193 4500
005 - DATE AND TIME OF LATEST TRANSACTION
control field 20250702135727.0
008 - FIXED-LENGTH DATA ELEMENTS--GENERAL INFORMATION
fixed length control field 030905s2002 ag 000 0 spa u
020 ## - INTERNATIONAL STANDARD BOOK NUMBER
International Standard Book Number 9507273646
050 04 - LIBRARY OF CONGRESS CALL NUMBER
Classification number KHA2709
Item number G69 2002
100 1# - MAIN ENTRY--PERSONAL NAME
Personal name Gozaíni, Osvaldo Alfredo.
245 10 - TITLE STATEMENT
Title Derecho procesal constitucional
Remainder of title : amparo : doctrina y jurisprudencia
Statement of responsibility, etc / Osvaldo Alfredo Gozaíni.
250 ## - EDITION STATEMENT
Edition statement 1a ed.
260 ## - PUBLICATION, DISTRIBUTION, ETC. (IMPRINT)
Place of publication, distribution, etc Buenos Aires :
Name of publisher, distributor, etc Rubinzal-Culzoni Editores,
Date of publication, distribution, etc 2002
300 ## - PHYSICAL DESCRIPTION
Extent 527 p. ;
Dimensions 23cm.
504 ## - BIBLIOGRAPHY, ETC. NOTE
Bibliography, etc Bibliografías : p. 513-515
650 #7 - SUBJECT ADDED ENTRY--TOPICAL TERM
Source of heading or term lemb
Topical term or geographic name as entry element Recurso de amparo
Geographic subdivision Argentina
650 #7 - SUBJECT ADDED ENTRY--TOPICAL TERM
Source of heading or term lemb
Topical term or geographic name as entry element Tribunales constitucionales
Geographic subdivision Argentina
942 ## - ADDED ENTRY ELEMENTS (KOHA)
Source of classification or shelving scheme Biblioteca del Cogreso de los Estados Unidos
Koha item type Libro
Holdings
Estado de pérdida Fuente de clasificación Estado del daño No para préstamo Ubicación permanente Ubicación actual Apartado o colección Fecha de adquisición Edición Área del conocimiento Clasificación Código de Barras Date last seen Número de copia Costo por reposición Tipo de recurso
  Biblioteca del Cogreso de los Estados Unidos     Biblioteca de la Facultad de Derecho y Ciencias Sociales "Felipe J. Tena" Biblioteca de la Facultad de Derecho y Ciencias Sociales "Felipe J. Tena" General 05/12/2019 1a ed. Ciencias Sociales y Administrativas KHA2709 G69 2002 BFD000011894 05/12/2019 1 1.00 Libro